| 000 | 01290nam a2200325 i 4500 | ||
|---|---|---|---|
| 001 | 000017188 | ||
| 003 | DO-SdBNP | ||
| 005 | 20260313141428.0 | ||
| 007 | ta | ||
| 008 | 100319s1993 dr 000 0 spa d | ||
| 040 |
_aDO-SdBNP _bspa _cBNPHU _erda |
||
| 041 | _aspa | ||
| 082 | 4 |
_a461.152 _bV297c 1993 _222 |
|
| 100 | 1 |
_aVargas O. Gisela _937824 _4aut. _eautor |
|
| 245 | 1 | 0 |
_aCurso superior programado de ortografía / _cGisela Vargas O., Hilda Silverio De Lantigua. |
| 250 | _aSegunda edición | ||
| 264 |
_aSanto Domingo : _bUNAPEC, _c1993. |
||
| 300 |
_a2 volumenes ; _c27 cm. |
||
| 336 |
_atexto _btxt _2rdacontent |
||
| 337 |
_asin mediación _bn _2rdamedia |
||
| 338 |
_avolumen _bnc _0rdacarrier |
||
| 505 | 0 |
_gv. 1.- Libro para el alumno I: _gPresentación -- _gIntroducción -- _tLa separación silábica -- _tLa acentuación ortográfica -- _tEl uso de las mayúsculas. |
|
| 505 | 0 |
_tv. 2.- Manual para el instructor I: _tGuías para ejercicios -- _tEvaluaciones -- _tGuías para calificar las evaluaciones. |
|
| 590 | _aInventariado, 2018/LP | ||
| 650 | 4 |
_aOrtografía _xEnseñanza _99599 |
|
| 650 | 4 |
_aEspañol _xOrtografía _xEnseñanza _91228 |
|
| 700 | 1 |
_aSilverio De Lantigua, Hilda _937825 _4aut. _eautor |
|
| 910 | _aValidado. Control de calidad EMS | ||
| 942 |
_2ddc _cLBS1 |
||
| 999 |
_c16714 _d16714 |
||